000 00577nam a2200229Ia 4500
005 20260430150727.0
008 008 250103s9999 xx 000 0 eng d
037 _aTheses
040 _aCRL
040 _beng
040 _ceng
041 _2eng
041 _aeng
084 _qCRL
100 _aShahbaz Alam Au.; Khan Zahir Ali Gu.
_91238315
245 0 _aAwadh mein Urdu ghazal ka irteqa (Azadi ke baad)
260 _c2023
300 _a464p.
700 _aUniversity of Delhi. Faculty of Arts. Department of Urdu
942 _cTH
999 _c1850485
_d1850485